1083 1420 1424 1286 1000 1355 1780 1485 1332 1752 1084 1949 1491 1281 1222 1744 1973 1789 1418 1302 1707 1217 1779 1560 1660 1322 1115 1023 1616 1480 1053 1144 1387 1423 1007 1223 1383 1199 1144 1273 1070 1549 1868 1793 1878 1321 1496 1958 1398 1688 1106 1119 1353 1651 1077 1301 1520 1334 1423 1871 1399 1232 1658 1778 1570 1460 1377 1165 1898 1227 1741 1123 1380 1650 1584 1104 1713 1878 1526 1425 1121 1773 1464 1230 1755 1338 1987 1757 1920 1170 1927 1486 1610 1010 1019 1231 1320 1641 1942 BCNSPRNW ULIB Ver.6.0+V

เปลี่ยนเป็นภาษาไทย

Change to English
 แสดงรายละเอียดบรรณานุกรม
  กลับหน้าหลัก

Brief Record : Get Marc (ISO 2709) : E-mail record : QR code < ปิดหน้าต่าง
LEADER : 00000nam 2200000uu 4500
001    13399126328
003     ULIB
008    180909s2560||||th 000 0 tha d
020    ^a9786164260597
060    ^aWY154 ก495
100    ^aจรัญ สายะสถิตย์,บรรณาธิการ
245    ^aการพยาบาลผู้ป่วยวิกฤตหัวใจ/จรัญ สายะสถิตย์,บรรณาธิการ
260    ^aพิษณุโลก :^bสำนักพิมพ์มหาวิทยาลัยนเรศวร,^c2560
300    ^a171 หน้า
945    ^p390^l0^i26563
945    ^p390^l0^i26562
999    ^aกัณชพร จุลอักษร
รายการนี้ยังไม่มีแท็ก
คุณยังไม่ได้ล็อกอิน คุณสามารถมีกิจกรรมร่วมกับเว็บไซต์ได้ แต่ต้องล็อกอินก่อน ::
  ล็อกอิน

รายการสื่อสารสนเทศ

ลำดับที่ ประเภท เลขเรียก/บาร์โค้ด สถานที่ สถานะ
1. หนังสือสำรอง
หนังสือสำรอง
WY154 ก495 ฉ.1 
  Barcode: 26562
ห้องสมุดวิทยาเขตนครสวรรค์
►หนังสือทั่วไป:l:General Books
บนชั้น
2. วิทยาศาสตร์การแพทย์ และสุขภาพ
วิทยาศาสตร์การแพทย์ และสุขภาพ
WY154 ก495 ฉ.2 
  Barcode: 26563
ห้องสมุดวิทยาเขตนครสวรรค์
►หนังสือทั่วไป:l:General Books
บนชั้น

รายการใกล้เคียง
    ชื่อเรื่อง [การพยาบาลผู้ป่วยวิกฤตหัวใจ/จรัญ สายะสถิตย์,บรรณาธิการ]

    ผู้แต่ง [จรัญ สายะสถิตย์,บรรณาธิการ]

BibComment


ยังไม่เคยถูกคอมเมนท์

คอมเมนท์ทรัพยากรรายการนี้
  คอมเมนท์: การพยาบาลผู้ป่วย..


 Copyright 2026. Bcnsprnw @Library